[Event "EU-ch U20"]
[Site "Groningen"]
[Date "1981.??.??"]
[Round "10"]
[White "Sokolov, Andrei"]
[Black "Karolyi, Tibor Jr"]
[Result "1-0"]
[WhiteElo "2375"]
[BlackElo "2310"]

1.e4 c5 2.Nf3 d6 3.d4 cxd4 4.Nxd4 Nf6 5.Nc3 a6 6.Be3 Qc7 7.Qd2 e6 8.f3 h5
9.O-O-O Nbd7 10.Bd3 b5 11.Rhe1 Bb7 12.Bg5 Be7 13.Kb1 Nc5 14.Nb3 O-O-O 15.h4 Nh7
16.Bxe7 Qxe7 17.a4 Nxb3 18.cxb3 b4 19.Ne2 d5 20.Qe3 Kb8 21.exd5 Rxd5 22.Nf4 Rc5
23.Bxh7 Rxh7 24.Rd4 Rh8 25.Nd3 Rd5 26.Rxd5 Bxd5 27.Rc1 Rc8 28.Qb6+ Qb7 29.Qd6+ Ka7
30.Rxc8 Qxc8 31.Qxb4 Qd7 32.Qc5+ Ka8 33.Qb6 Qb7 34.Qxb7+ Bxb7 35.Kc2 Kb8
36.Kc3 Kc7 37.Nc5 Bc8 38.Kd4 Kc6 39.f4 f6 40.b4 Kb6 41.g3 Kc6 42.Kc4 Kb6
43.b3 Kc6 44.Nxa6 Bxa6+ 45.b5+ Bxb5+ 46.axb5+ Kb6 47.Kb4  1-0

[Event "Buna-Turnier"]
[Site "Halle"]
[Date "1981.??.??"]
[Round "4"]
[White "Hazai, Laszlo"]
[Black "Lechtynsky, Jiri"]
[Result "0-1"]
[WhiteElo "2430"]
[BlackElo "2455"]

1.e4 c5 2.Nf3 d6 3.d4 Nf6 4.Nc3 cxd4 5.Nxd4 a6 6.Be3 e6 7.g4 h6 8.Qf3 Nc6
9.Rg1 Ne5 10.Qh3 g5 11.Bxg5 hxg5 12.Qxh8 b5 13.O-O-O Bb7 14.f3 Rc8 15.Nce2 Ng6
16.Qh3 Qc7 17.c3 d5 18.e5 Nxe5 19.Qg3 Bd6 20.Qf2 Nc4 21.h4 b4 22.hxg5 Qb6
23.Rh1 Nd7 24.g6 fxg6 25.Re1 Nxb2 26.Ng1 Bf4+ 27.Kb1 Nd1 28.Rxe6+ Qxe6 29.Nxe6 Nxf2
30.Rh8+ Kf7 31.Rxc8 Kxe6 32.Re8+ Kf7 33.Rh8 bxc3 34.Rh7+ Ke6 35.Ne2 Be5 36.f4 d4
37.fxe5 Be4+ 38.Kc1 Nxe5 39.Nxd4+ Kd5 40.Rd7+ Nxd7  0-1

[Event "Hradec Kralove"]
[Site "Hradec Kralove"]
[Date "1981.??.??"]
[Round "1"]
[White "Pribyl, Josef"]
[Black "Lechtynsky, Jiri"]
[Result "0-1"]
[WhiteElo "2440"]
[BlackElo "2455"]

1.e4 c5 2.Nf3 d6 3.d4 Nf6 4.Nc3 cxd4 5.Nxd4 a6 6.Be3 e6 7.Be2 Be7 8.O-O O-O
9.f4 Nc6 10.Kh1 Bd7 11.Qe1 b5 12.a3 Nxd4 13.Bxd4 Bc6 14.Bf3 Qc7 15.Qg3 Rad8
16.Rae1 Qb7 17.e5 dxe5 18.Bxe5 Ne8 19.Ne4 f6 20.Bc3 Qb6 21.Qf2 Qxf2 22.Rxf2 Bd5
23.Bb4 Bxb4 24.axb4 Nc7 25.Kg1 Kf7 26.g3 Rfe8 27.Nc5 Bxf3 28.Rxf3 Rd4 29.Ra1 Rxb4
30.b3 Rd4 31.Nxa6 Ra8 32.Rc3 Nxa6 33.Rc6 Rad8 34.Raxa6 Rd1+ 35.Kf2 R8d2+
36.Ke3 Rxh2 37.f5 Re1+ 38.Kd4 exf5 39.Ra7+ Re7 40.Rxe7+ Kxe7 41.Rc7+ Kd6
42.Rxg7 Rxc2 43.Rxh7 Rd2+ 44.Ke3 Rb2 45.Kf4 Rxb3 46.Rb7 Kc5 47.Rf7 Rd3 48.Rxf6 Rd5  0-1

[Event "Keszthely"]
[Site "Keszthely"]
[Date "1981.??.??"]
[Round "12"]
[White "Hazai, Laszlo"]
[Black "Groszpeter, Attila"]
[Result "1/2-1/2"]
[WhiteElo "2450"]
[BlackElo "2435"]

1.e4 c5 2.Nf3 d6 3.d4 cxd4 4.Nxd4 Nf6 5.Nc3 a6 6.Be3 e5 7.Nb3 Be7 8.f3 Be6
9.Qd2 Nbd7 10.g4 h6 11.O-O-O b5 12.h4 Nb6 13.Kb1 b4 14.Bxb6 Qxb6 15.Nd5  1/2-1/2

[Event "Lone Pine op"]
[Site "Lone Pine"]
[Date "1981.??.??"]
[Round "?"]
[White "Shamkovich, Leonid"]
[Black "Arnason, Jon L"]
[Result "1-0"]
[WhiteElo "2495"]
[BlackElo "2450"]

1.e4 c5 2.Nf3 d6 3.d4 cxd4 4.Nxd4 Nf6 5.Nc3 a6 6.Be3 Qc7 7.Be2 e6 8.a4 Nc6
9.O-O Be7 10.f4 O-O 11.Kh1 Re8 12.f5 Bd7 13.fxe6 fxe6 14.Bc4 Nxd4 15.Qxd4 Ng4
16.Bb3 Nxe3 17.Qxe3 Bf6 18.Qh3 Re7 19.Rf3 Qc5 20.Raf1 Rc8 21.Qg4 Qg5 22.Qh3 Qe5
23.Rf5 Qd4 24.Qg3 Kh8 25.R5f3 Qc5 26.Rd1 Be5 27.Qg5 Bf6 28.Qxc5 dxc5 29.Rxd7 Rxd7
30.Bxe6 Rdd8 31.Bxc8 Bxc3 32.g3 Bxb2 33.Bxb7 a5 34.Bd5 Rb8 35.Rf7 g6 36.Re7 Rb4
37.e5 Rd4 38.c4 g5 39.h3 h5 40.Kg2 g4 41.hxg4 hxg4 42.Kf2 Rd3 43.e6 Bd4+
44.Kg2 Rd2+ 45.Kf1 Rf2+ 46.Ke1 Rf8 47.Ra7 Re8 48.Ke2 Bc3 49.Kd3 Be5 50.Ke4 Bxg3
51.Kf5 Bb8 52.Rb7 g3 53.e7 Bd6 54.Ke6 Bxe7 55.Rxe7 Rg8 56.Bg2 Rd8 57.Kf6 Rd6+
58.Re6  1-0

[Event "Lvov"]
[Site "Lvov"]
[Date "1981.??.??"]
[Round "2"]
[White "Ghinda, Mihail Viorel"]
[Black "Petrosian, Arshak B"]
[Result "0-1"]
[WhiteElo "2450"]
[BlackElo "2495"]

1.e4 c5 2.Nf3 d6 3.d4 cxd4 4.Nxd4 Nf6 5.Nc3 a6 6.Be3 e5 7.Nb3 Be6 8.Qd2 Nbd7
9.f3 Qc7 10.g4 h6 11.O-O-O Rc8 12.Qf2 b5 13.Nd5 Bxd5 14.exd5 Be7 15.Rg1 g5
16.Kb1 Bd8 17.h4 Rg8 18.hxg5 hxg5 19.Rh1 Nb6 20.Bxb6 Qxb6 21.Qxb6 Bxb6 22.Bd3 Ke7
23.Bf5 Rcd8 24.Nc1 Rh8 25.Be4 Nxe4 26.fxe4 Rh4 27.Rxh4 gxh4 28.Rh1 Rh8 29.g5 Be3
30.Nd3 h3 31.Ne1 Bxg5 32.Nf3 Bf4 33.a4 bxa4 34.Ka2 h2 35.Ka3 Rh3  0-1

[Event "Sokolsky mem"]
[Site "Minsk"]
[Date "1981.??.??"]
[Round "5"]
[White "Maryasin, Boris"]
[Black "Dydyshko, Viacheslav"]
[Result "0-1"]
[WhiteElo "2405"]
[BlackElo "2445"]

1.e4 c5 2.Nf3 d6 3.d4 cxd4 4.Nxd4 Nf6 5.Nc3 a6 6.Be3 e5 7.Nf3 Qc7 8.Bd3 Be7
9.h3 b5 10.g4 b4 11.Nd5 Nxd5 12.exd5 Bb7 13.Be4 Nd7 14.Qd3 Nf6 15.O-O a5
16.Qb5+ Qd7 17.Qxd7+ Kxd7 18.Bf5+ Kc7 19.c4 bxc3 20.Rac1 Nxd5 21.Bd2 Kb8
22.Bxc3 g6 23.Bb1 Nxc3 24.Rxc3 Rc8 25.Re3 Ra6 26.h4 Rb6 27.b3 Rb4 28.Nh2 Rf4
29.Rh3 f5 30.g5 h6 31.Bd3 Rh8 32.h5 hxg5 33.Be2 g4 34.Rc3 gxh5 35.Re1 h4
36.Nf1 g3 37.fxg3 hxg3 38.Nxg3 Bd8  0-1

[Event "Nis"]
[Site "Nis"]
[Date "1981.??.??"]
[Round "5"]
[White "Ciocaltea, Victor"]
[Black "Tringov, Georgi P"]
[Result "1/2-1/2"]
[WhiteElo "2450"]
[BlackElo "2470"]

1.e4 c5 2.Nf3 d6 3.d4 cxd4 4.Nxd4 Nf6 5.Nc3 a6 6.Be3 e6 7.a4 Be7 8.Be2 Nc6
9.O-O O-O 10.f4 Qc7 11.Nb3 b6 12.Bf3 Rb8 13.Qe2 Na5 14.Nd2 Bb7 15.g4 Nd7
16.g5 Rfe8 17.Qf2 Nc4 18.Nxc4 Qxc4 19.Rad1 Qc7 20.Ne2 Bf8 21.Ng3 g6 22.c3 Bc6
23.b4 Bb7 24.Rc1 Rbc8 25.h4 a5 26.h5 Ba6 27.hxg6 hxg6 28.Nh1 Bb7 29.Ng3 d5
30.e5 Ba6 31.b5 Bb7 32.Ne2 Nc5 33.Rfd1 Nd7  1/2-1/2

[Event "Pamporovo"]
[Site "Pamporovo"]
[Date "1981.??.??"]
[Round "1"]
[White "Velickovic, Sasa"]
[Black "Spassov, Liuben"]
[Result "0-1"]
[WhiteElo "2420"]
[BlackElo "2460"]

1.e4 c5 2.Nf3 d6 3.d4 cxd4 4.Nxd4 Nf6 5.Nc3 a6 6.Be3 e5 7.Nb3 Be7 8.Be2 O-O
9.O-O Be6 10.f4 Qc7 11.a4 exf4 12.Bxf4 Nc6 13.Kh1 Rac8 14.Bg5 Rfe8 15.Qd2 Ne5
16.Nd4 Qb6 17.Nxe6 fxe6 18.Rab1 Qc6 19.Bd3 Rf8 20.Qe2 Rf7 21.h3 Rcf8 22.Be3 Bd8
23.Bg1 Ba5 24.Nd1 Nxd3 25.Qxd3 Qxe4 26.b4 Bc7 27.Bh2 d5 28.Nf2 Qxd3 29.Nxd3 Bxh2
30.Kxh2 Ng4+ 31.Kg1 Rxf1+ 32.Rxf1 Rxf1+ 33.Kxf1 Ne3+ 34.Kf2 Nxc2 35.Nc5 Nxb4
36.Nxe6 Nc6 37.Nc5 b5 38.axb5 axb5 39.Ne6 b4 40.Ke3 Kf7 41.Nf4 d4+ 42.Kd3 g5
43.Ne2 Ke6 44.Kc4 Ke5 45.Nc1 Ke4 46.Nb3 d3 47.Nc5+ Ke3  0-1

[Event "ISL-ch"]
[Site "Reykjavik"]
[Date "1981.??.??"]
[Round "4"]
[White "Jonsson, Johannes G"]
[Black "Arnason, Jon L"]
[Result "1/2-1/2"]
[WhiteElo "2310"]
[BlackElo "2450"]

1.e4 c5 2.Nf3 d6 3.d4 cxd4 4.Nxd4 Nf6 5.Nc3 a6 6.Be3 Qc7 7.a4 e6 8.Be2 Nc6
9.O-O Be7 10.f4 O-O 11.Kh1 Re8 12.Bf3 Rb8 13.Qe1 Nxd4 14.Bxd4 e5 15.Ba7 Ra8
16.Be3 Be6 17.a5 exf4 18.Bxf4 Nd7 19.Qg3 Ne5 20.Be2 Ng6 21.Bg5 Bxg5 22.Qxg5 Rac8
23.Rfd1 Ne5 24.Qd2 Red8 25.Qd4 Qc5 26.Qxc5 Rxc5 27.Rd2 Kf8 28.Nd5 Bxd5 29.exd5 Rdc8
30.c3 Re8 31.Rd4 Nd7 32.Bf1 Re3 33.Kg1 Rc8 34.Rb4 Rc7 35.Rd1 Ke7 36.Kf2 Re5
37.g3 f5 38.Bg2 Nf6 39.Bf3 Nd7 40.Rbd4 Kd8 41.c4 Re7 42.b4 Ne5 43.Be2 Rc8
44.Rc1 Rec7 45.Rf4 g6  1/2-1/2

[Event "Riga"]
[Site "Riga"]
[Date "1981.??.??"]
[Round "8"]
[White "Gipslis, Aivars"]
[Black "Tseshkovsky, Vitaly"]
[Result "1/2-1/2"]
[WhiteElo "2490"]
[BlackElo "2575"]

1.e4 c5 2.Nf3 d6 3.d4 cxd4 4.Nxd4 Nf6 5.Nc3 a6 6.Be3 e5 7.Nb3 Be6 8.Qd2 Nbd7
9.f3 b5 10.a4 b4 11.Nd5 Bxd5 12.exd5 Nb6 13.Bxb6 Qxb6 14.a5 Qb7 15.Bc4 Be7
16.Ra4 Rb8 17.Qd3 O-O 18.O-O e4 19.fxe4 Ng4 20.Bxa6 Qa7+ 21.Kh1 Bf6 22.Qe2 Bxb2
23.Bd3  1/2-1/2

[Event "Riga"]
[Site "Riga"]
[Date "1981.??.??"]
[Round "10"]
[White "Gipslis, Aivars"]
[Black "Vitolinsh, Alvis"]
[Result "1/2-1/2"]
[WhiteElo "2490"]
[BlackElo "2455"]

1.e4 c5 2.Nf3 d6 3.d4 cxd4 4.Nxd4 Nf6 5.Nc3 a6 6.Be3 e5 7.Nb3 Be6 8.Qd2 Nbd7
9.f3 Qc7 10.g4 Be7 11.g5 Nh5 12.O-O-O O-O 13.Rg1 Rfc8 14.Nd5 Bxd5 15.exd5 Nb6
16.Kb1 a5 17.Nc1 Nf4 18.Bxf4 exf4 19.Bh3 Nc4 20.Qc3 Ne3 21.Qxc7 Rxc7 22.Rd2 Rc5
23.Ne2 Nxd5 24.Bf1 g6 25.h4 h6 26.gxh6 Bxh4 27.c4 Ne3 28.Nxf4 Re8 29.Re2 Rce5
30.Nd3 R5e7 31.Rh2 Bf6 32.c5 dxc5 33.Nxc5 Kh8 34.Bb5 Rc8 35.Nd7 Bd4 36.Re1 Nf5
37.Rxe7 Nxe7 38.Rc2 Rxc2 39.Kxc2 Kh7 40.Kd3 Bxb2 41.Nc5 Be5 42.Nxb7 Bc7 43.Be8 f6
44.Kc4 Kxh6 45.Kb5 Nf5 46.Kc6 Bh2 47.Nxa5 Nd4+ 48.Kd5 Nxf3 49.Nc4 f5 50.a4 Bg1
51.a5 g5 52.Ne5 Nh4 53.Nf7+ Kg6 54.Ne5+ Kf6 55.Bh5 Ng2 56.Nd7+ Ke7 57.Kc6 Nf4
58.Nb6 Nd3 59.Be2 Ne5+ 60.Kc7 Bh2 61.Nc8+ Ke6 62.a6 Nd7+ 63.Kd8 Nb8 64.a7 Nc6+
65.Ke8 Nxa7 66.Nxa7 g4 67.Nc6 Kf6 68.Nd4 g3 69.Bf3 Bg1 70.Ne2 Bf2  1/2-1/2

[Event "Riga"]
[Site "Riga"]
[Date "1981.??.??"]
[Round "13"]
[White "Tseshkovsky, Vitaly"]
[Black "Petrosian, Arshak B"]
[Result "1-0"]
[WhiteElo "2575"]
[BlackElo "2495"]

1.e4 c5 2.Nf3 d6 3.d4 cxd4 4.Nxd4 Nf6 5.Nc3 a6 6.Be3 e5 7.Nb3 Be6 8.Qd2 Nbd7
9.f3 Qc7 10.g4 Be7 11.h4 Nb6 12.O-O-O Rc8 13.g5 Nh5 14.f4 Nxf4 15.Bxf4 exf4
16.Qxf4 Na4 17.Rd3 O-O 18.Nd4 Qa5 19.Nf5 Bd8 20.Nd5 Bxd5 21.exd5 Nc5 22.Qd4 f6
23.Kb1 Nxd3 24.Bxd3 Re8 25.c3 Qc7 26.Qg4 Rb8 27.Nd4 Re5 28.Ne6 Qd7 29.Bxh7+ Kf7
30.Qh5+ Ke7 31.Qg6 Qe8 32.Qxg7+  1-0

[Event "URS-FL49"]
[Site "Volgodonsk"]
[Date "1981.??.??"]
[Round "12"]
[White "Gufeld, Eduard"]
[Black "Rashkovsky, Nukhim N"]
[Result "1/2-1/2"]
[WhiteElo "2520"]
[BlackElo "2540"]

1.e4 c5 2.Nf3 d6 3.d4 cxd4 4.Nxd4 Nf6 5.Nc3 a6 6.Be3 e5 7.Nb3 Be6 8.Qd2 Nbd7
9.f3 Rc8 10.g4 Be7 11.h4 Nb6 12.O-O-O Nc4 13.Bxc4 Rxc4 14.Bg5 Rc6 15.Kb1 Qc7
16.Be3 O-O 17.h5 Rc8 18.g5 Nd7 19.Rh2 Nb6 20.Bxb6 Qxb6 21.g6 Rxc3 22.bxc3 a5
23.h6 fxg6 24.hxg7 a4 25.Qh6 Kf7 26.Qxh7 Rg8 27.Kb2 axb3 28.axb3 Rxg7 29.Qh6 Qc5
30.Qd2 Ke8 31.Rh8+ Rg8 32.Rh7 g5 33.Ra1 Kd7 34.b4 Qc6  1/2-1/2

[Event "Bagneux"]
[Site "Bagneux"]
[Date "1982.??.??"]
[Round "?"]
[White "Stoica, Valentin"]
[Black "Ghitescu, Theodor"]
[Result "1-0"]
[WhiteElo "2450"]
[BlackElo "2425"]

1.e4 c5 2.Nf3 d6 3.d4 cxd4 4.Nxd4 Nf6 5.Nc3 a6 6.Be3 e6 7.g4 h6 8.h4 Nc6
9.Rg1 d5 10.exd5 Nxd5 11.Nxd5 exd5 12.g5 hxg5 13.hxg5 Rh4 14.g6 f6 15.Qd2 Nxd4
16.Bxd4 Re4+ 17.Be2 Bf5 18.f3 Re6 19.O-O-O Qd7 20.Bd3 Bxd3 21.Qxd3 O-O-O
22.Kb1 Rde8 23.Qb3 Rc6 24.Bc3 Rc5 25.Bd4 Rc6 26.a3 Bc5 27.Rg2 Qf5 28.Bxc5 Rxc5
29.Rd3 Kb8 30.Qb6 Rc6 31.Qd4 Re5 32.Rb3 Re7 33.Qb4 Qe5 34.Ka2 Qd6 35.Qd4 Rc4
36.Qd3 Qc6 37.c3 a5 38.Rh2 a4 39.Rb4 Rxb4 40.axb4 Qc4+ 41.Qxc4 dxc4 42.b5 Re5
43.b6 Kc8 44.Rh7 Re7 45.Rh4 Re6 46.Rxc4+ Kb8 47.Rc7 Rxb6 48.Rxg7 f5 49.Ka3 Ka7
50.Rf7 Rxg6 51.Rxf5 Ra6 52.Rf4 b5 53.Rf7+  1-0

[Event "Baile Herculane zt"]
[Site "Baile Herculane"]
[Date "1982.??.??"]
[Round "15"]
[White "Sax, Gyula"]
[Black "Georgiev, Krum"]
[Result "1/2-1/2"]
[WhiteElo "2550"]
[BlackElo "2465"]

1.e4 c5 2.Nf3 d6 3.d4 cxd4 4.Nxd4 Nf6 5.Nc3 a6 6.Be3 Nbd7 7.g4 d5 8.g5 Nxe4
9.Nxe4 dxe4 10.Nb3 b6 11.Qd5 Rb8 12.O-O-O Bb7 13.Qd4 Qc7 14.Bh3  1/2-1/2

[Event "Baile Herculane zt"]
[Site "Baile Herculane"]
[Date "1982.??.??"]
[Round "17"]
[White "Sax, Gyula"]
[Black "Radulov, Ivan"]
[Result "1-0"]
[WhiteElo "2550"]
[BlackElo "2505"]

1.e4 c5 2.Nf3 d6 3.d4 cxd4 4.Nxd4 Nf6 5.Nc3 a6 6.Be3 Nbd7 7.g4 d5 8.Nb3 Nxe4
9.Nxd5 Nd6 10.Qe2 e6 11.Bf4 Nb6 12.Nxb6 Qxb6 13.O-O-O Bd7 14.Bg2 Bc6 15.Bxc6+ Qxc6
16.Nd4 Qc8 17.Rhe1 Nc4 18.Nf5 Qc5 19.Qd3 Qb5 20.Qd4 Rg8 21.Bg5 Nd6 22.Qxd6  1-0

[Event "Rakovica"]
[Site "Belgrade"]
[Date "1982.??.??"]
[Round "?"]
[White "Chandler, Murray G"]
[Black "Govedarica, Radovan"]
[Result "0-1"]
[WhiteElo "2505"]
[BlackElo "2395"]

1.e4 c5 2.Nf3 d6 3.d4 cxd4 4.Nxd4 Nf6 5.Nc3 a6 6.Be3 Nc6 7.f3 e6 8.Qd2 Be7
9.g4 O-O 10.O-O-O Nxd4 11.Bxd4 Nd7 12.h4 b5 13.h5 Ne5 14.Qf2 Qc7 15.f4 Nd7
16.h6 g6 17.Bg7 Re8 18.Bg2 Bb7 19.Rhf1 b4 20.f5 Bg5+ 21.Kb1 Ne5 22.Ne2 Nxg4
23.Qg3 exf5 24.exf5 Bxg2 25.Qxg4 Bxf1 26.Rxf1 Qe7 27.fxg6 hxg6 28.Nc1 a5
29.b3 Kh7 30.Nd3 Rac8 31.Bb2 f6 32.Bc1 Bxc1 33.Rxc1 Rc7 34.Qd4 Rc3 35.a3 Rec8
36.axb4 axb4 37.Re1 Qc7 38.Nxb4 Rxc2 39.Nd3 Rd2 40.Qa4 Qc2+  0-1

[Event "HUN-ch"]
[Site "Budapest"]
[Date "1982.??.??"]
[Round "?"]
[White "Horvath, Tamas"]
[Black "Rajna, George"]
[Result "1/2-1/2"]
[WhiteElo "2400"]
[BlackElo "2390"]

1.e4 c5 2.Nf3 d6 3.d4 cxd4 4.Nxd4 Nf6 5.Nc3 a6 6.Be3 e5 7.Nb3 Be6 8.Qd2 Be7
9.f3 Nbd7 10.g4 h6 11.O-O-O b5 12.Kb1 Qc7 13.h4 b4 14.Nd5 Bxd5 15.exd5 Nb6
16.Bxb6 Qxb6 17.Bd3 a5 18.Bf5 a4 19.Nc1 g6 20.Be4 h5 21.g5 Nxe4 22.fxe4 O-O
23.Ne2 Rfc8 24.Rc1 Rc4 25.Qd3 Rac8 26.Rhf1 Bd8 27.Rf3 Qb7  1/2-1/2

[Event "Wch U20"]
[Site "Copenhagen"]
[Date "1982.??.??"]
[Round "4"]
[White "Barbulescu, Dan"]
[Black "Hjartarson, Johann"]
[Result "1-0"]
[WhiteElo "2305"]
[BlackElo "2400"]

1.e4 c5 2.Nf3 d6 3.d4 cxd4 4.Nxd4 Nf6 5.Nc3 a6 6.Be3 e5 7.Nb3 Be6 8.f3 Nbd7
9.Qd2 b5 10.a4 b4 11.Nd5 Bxd5 12.exd5 Nb6 13.Bxb6 Qxb6 14.a5 Qb7 15.Bc4 Be7
16.Ra4 Rb8 17.Nc1 Bd8 18.Na2 Nd7 19.Kd1 Bxa5 20.Rxa5 Qc7 21.Ra4 Qxc4 22.b3 Qh4
23.Nxb4 Nc5 24.Nxa6 Nxa4 25.Nxb8 O-O 26.Nc6 Nc5 27.Kc1 e4 28.Kb2 Re8 29.Qd4 Qg5
30.Re1 g6 31.Re2 f5 32.g4 fxg4 33.fxe4 Qf4 34.Rf2 Qxe4 35.Qf6 Qe3 36.Rf4 Qe2
37.Qf7+ Kh8 38.Qf6+ Kg8 39.Qf7+ Kh8 40.Rd4 Qe3 41.Qf6+ Kg8 42.Qxd6 Ne4 43.Qb4 Nf6
44.d6 Qe6 45.Qb7 Nd7 46.Ne7+ Kh8 47.Qe4 Qxe4 48.Rxe4 Nf6 49.Nxg6+  1-0

[Event "Politiken Cup"]
[Site "Copenhagen"]
[Date "1982.??.??"]
[Round "6"]
[White "Hjartarson, Johann"]
[Black "Akesson, Ralf"]
[Result "0-1"]
[WhiteElo "2425"]
[BlackElo "2405"]

1.e4 c5 2.Nf3 d6 3.d4 cxd4 4.Nxd4 Nf6 5.Nc3 a6 6.Be3 e5 7.Nb3 Be6 8.Qd2 Nbd7
9.f3 Be7 10.O-O-O b5 11.g4 Nb6 12.g5 Nfd7 13.Kb1 b4 14.Nd5 Bxd5 15.exd5 a5
16.Bb5 O-O 17.h4 Qc7 18.h5 a4 19.Nc1 Rfc8 20.g6 a3 21.gxf7+ Kh8 22.bxa3 Rxa3
23.Rh2 Nc5 24.h6 g6 25.Re1 Rf8 26.Nb3 Nba4 27.Bxa4 Nxa4 28.Bd4 Nc3+ 29.Bxc3 bxc3
30.Qd3 Bg5 31.Qb5 Qxf7 32.Qc6 Rxa2 33.Kxa2 Qa7+ 34.Na5 Qxa5+ 35.Kb3 Rb8+
36.Kc4 Qb4+ 37.Kd3 Qd4+ 38.Ke2 Qd2+ 39.Kf1 Qxh2  0-1

[Event "Politiken Cup"]
[Site "Copenhagen"]
[Date "1982.??.??"]
[Round "6"]
[White "Hazai, Laszlo"]
[Black "Fedder, Steen"]
[Result "0-1"]
[WhiteElo "2450"]
[BlackElo "2420"]

1.e4 c5 2.Nf3 d6 3.d4 cxd4 4.Nxd4 Nf6 5.Nc3 a6 6.Be3 e6 7.g4 h6 8.Qf3 Nc6
9.Rg1 Bd7 10.O-O-O Be7 11.h4 g6 12.g5 hxg5 13.hxg5 Nh5 14.Qe2 e5 15.Nf3 Rc8
16.Nd5 Be6 17.Nb6 Rc7 18.a3 O-O 19.Rh1 Nd4 20.Nxd4 exd4 21.Rxd4 Bxg5 22.e5 Rxc2+
23.Qxc2 Qxb6 24.Kb1 Bxe3 25.fxe3 Rc8 26.Bc4 Bf5  0-1

[Event "Politiken Cup"]
[Site "Copenhagen"]
[Date "1982.??.??"]
[Round "8"]
[White "Hazai, Laszlo"]
[Black "Spassov, Liuben"]
[Result "1-0"]
[WhiteElo "2450"]
[BlackElo "2410"]

1.e4 c5 2.Nf3 d6 3.d4 cxd4 4.Nxd4 Nf6 5.Nc3 a6 6.Be3 e5 7.Nb3 Be6 8.Qd2 Nbd7
9.f3 Be7 10.g4 b5 11.g5 b4 12.Ne2 Nh5 13.Ng3 Nf4 14.h4 O-O 15.Nf5 Nh5 16.O-O-O a5
17.Kb1 Bxf5 18.exf5 a4 19.Nc1 Ng3 20.f6 Nxh1 21.fxe7 Qxe7 22.Qh2 Rfc8 23.Qxh1 Ra5
24.f4 exf4 25.Bxf4 Ne5 26.Qe4 Qc7 27.Rd4 Rc5 28.Bh3 Re8 29.Rxb4 Rc4 30.Rxc4 Qxc4
31.Qxc4 Nxc4 32.b3 Re4 33.Nd3 Ne5 34.Bf5 Re2 35.bxa4 g6 36.Bc8 Nc4 37.Ba6 d5
38.Bxc4 dxc4 39.Nc5 c3 40.a3 Re8 41.a5 Rc8 42.Be3 Rb8+ 43.Ka1 f5 44.gxf6 Kf7
45.a6 Ra8 46.Bd4 h6 47.Ka2 g5 48.hxg5 hxg5 49.Ne4 g4 50.a7 Ke6 51.Ng3 Kd5
52.Be3 Ke5 53.Nh5 Kf5 54.Kb3 Kg6 55.Bc5  1-0

[Event "Luzern ol (Men)"]
[Site "Luzern"]
[Date "1982.??.??"]
[Round "3"]
[White "Trepp, Markus"]
[Black "Quinteros, Miguel A"]
[Result "0-1"]
[WhiteElo "2220"]
[BlackElo "2520"]

1.e4 c5 2.Nf3 d6 3.d4 cxd4 4.Nxd4 Nf6 5.Nc3 a6 6.Be3 e6 7.f4 b5 8.Qf3 Qc7
9.a3 Nbd7 10.g4 d5 11.e5 Ne4 12.Nxe4 dxe4 13.Qe2 Bb7 14.Bg2 Bd5 15.O-O Nc5
16.Rfe1 Be7 17.Rad1 Rd8 18.Nb3 Nxb3 19.cxb3 O-O 20.Rc1 Qb8 21.b4 f6 22.Bd4 fxe5
23.Bxe5 Bd6 24.Bxe4 Qb6+ 25.Qe3 Qxe3+ 26.Rxe3 Bxe5 27.fxe5 Bxe4 28.Rxe4 Rd2
29.Ree1 h6 30.Rf1 Rfd8 31.Rf2 R2d4 32.h3 Rd3 33.Kg2 Re3 34.Rc7 Rxe5 35.Rff7 Rd2+
36.Kg3 Rg5 37.Rfd7 Rxb2 38.h4 Rb3+ 39.Kf4 e5+ 40.Ke4 Rxg4+ 41.Kf5 h5  0-1

[Event "Luzern ol (Men)"]
[Site "Luzern"]
[Date "1982.??.??"]
[Round "8"]
[White "Trepp, Markus"]
[Black "Sunye Neto, Jaime"]
[Result "1/2-1/2"]
[WhiteElo "2220"]
[BlackElo "2500"]

1.e4 c5 2.Nf3 d6 3.d4 cxd4 4.Nxd4 Nf6 5.Nc3 a6 6.Be3 e5 7.Nf3 Qc7 8.a4 b6
9.Bg5 Nbd7 10.Nd2 h6 11.Bxf6 Nxf6 12.Bc4 Be6 13.Qe2 Qb7 14.Nf1 Be7 15.Qd3 O-O
16.Ne3 b5 17.Ba2 bxa4 18.O-O Ra7 19.Ned5 Qd7 20.Nxf6+ Bxf6 21.Bxe6 fxe6 22.Rxa4 Rb8
23.b3 Rc8 24.Nd1 Bd8 25.Ne3 Bb6 26.Nc4 Bd4 27.c3 d5 28.exd5 exd5 29.cxd4 dxc4
30.Rxc4 Rd8 31.Rd1 Qd5 32.Ra4 Rb7 33.Rxa6 Rxb3 34.Qg6 Rb7 35.h3 exd4 36.Re1 Rf7
37.Rae6 Rdf8 38.Re7 Qa2 39.Rxf7 Qxf7 40.Qxf7+ Kxf7  1/2-1/2

[Event "Luzern ol (Men)"]
[Site "Luzern"]
[Date "1982.??.??"]
[Round "8"]
[White "Sigurjonsson, Gudmundur"]
[Black "Gruenfeld, Yehuda"]
[Result "1/2-1/2"]
[WhiteElo "2470"]
[BlackElo "2480"]

1.e4 c5 2.Nf3 d6 3.d4 cxd4 4.Nxd4 Nf6 5.Nc3 a6 6.Be3 e5 7.Nf3 Qc7 8.a4 b6
9.Bg5 Nbd7 10.Nd2 h6 11.Bxf6 Nxf6 12.Bc4 Be6 13.Qe2 Qb7 14.O-O Be7 15.Rfd1 O-O
16.Nf1 Rfc8 17.Nd5 Nxd5 18.Bxd5 Bxd5 19.Rxd5 Bf8 20.Ne3 Qc6 21.Qd3 g6 22.b3 Qc3
23.Qxc3 Rxc3 24.Rad1 h5 25.R5d3 Rxd3 26.Rxd3 b5 27.axb5 axb5 28.f3 Rc8 29.c4 Bh6
30.Nd5 bxc4 31.Rc3 Kg7 32.Rxc4 Rxc4 33.bxc4 Kf8 34.Kf2 Ke8 35.Ke2 Bg5 36.Kd3 Kd7
37.Nb4 Bf4 38.h3 Bg3 39.Nc2 f5  1/2-1/2

[Event "Luzern ol (Men)"]
[Site "Luzern"]
[Date "1982.??.??"]
[Round "9"]
[White "Sax, Gyula"]
[Black "Ftacnik, Lubomir"]
[Result "1/2-1/2"]
[WhiteElo "2560"]
[BlackElo "2535"]

1.e4 c5 2.Nf3 d6 3.d4 Nf6 4.Nc3 cxd4 5.Nxd4 a6 6.Be3 e5 7.Nb3 Be6 8.Qd2 Nbd7
9.f3 b5 10.a4 b4 11.Nd5 Bxd5 12.exd5 Nb6 13.Bxb6 Qxb6 14.a5 Qb7 15.O-O-O g6
16.Kb1 Bg7 17.f4 O-O 18.fxe5 dxe5 19.d6 Ne4 20.Qe3 Rfd8 21.Bc4 Nxd6 22.Bd5 Qa7
23.Qc5 Qxc5 24.Nxc5 Ra7 25.Rhe1 Rb8 26.Bb3 Nf5 27.Rd5 Nd4 28.Nd7 Rc8 29.Nb6 Rb8
30.Nd7 Rc8 31.Nb6 Rb8  1/2-1/2

[Event "Luzern ol (Men)"]
[Site "Luzern"]
[Date "1982.??.??"]
[Round "13"]
[White "Lobron, Eric"]
[Black "Nagendra, Rentala"]
[Result "1-0"]
[WhiteElo "2470"]
[BlackElo "2290"]

1.e4 c5 2.Nf3 d6 3.d4 cxd4 4.Nxd4 Nf6 5.Nc3 a6 6.Be3 e6 7.f4 Qc7 8.Qf3 Be7
9.O-O-O Nbd7 10.g4 Nc5 11.g5 Nfd7 12.f5 b5 13.a3 Ne5 14.Qh3 O-O 15.Rg1 Re8
16.f6 Bf8 17.Nf5 g6 18.Nh6+ Kh8 19.Rg3 Rb8 20.Qh4 b4 21.axb4 Rxb4 22.Rh3 Bb7
23.Bxc5 dxc5 24.Be2  1-0

[Event "Luzern ol (Men)"]
[Site "Luzern"]
[Date "1982.??.??"]
[Round "14"]
[White "Mateo, Ramon"]
[Black "Alzate, Dario"]
[Result "1-0"]
[WhiteElo "2430"]
[BlackElo "2375"]

1.e4 c5 2.Nf3 d6 3.d4 cxd4 4.Nxd4 Nf6 5.Nc3 a6 6.Be3 e5 7.Nb3 Be7 8.h3 Be6
9.Qf3 Nbd7 10.g4 h6 11.Rg1 Rc8 12.O-O-O Nb6 13.g5 hxg5 14.Rxg5 Rxc3 15.bxc3 Na4
16.Rxe5 Qc7 17.Rxe6 fxe6 18.Rd4 b5 19.Bd2 e5 20.Rd3 d5 21.exd5 Qd6 22.Qf5 Qa3+
23.Kd1 Nb2+ 24.Ke2 Nxd3 25.Qc8+ Bd8 26.Qc6+ Kf7 27.cxd3 Re8 28.Nc5 Qxa2 29.Nb7 Kg8
30.Bg2 e4 31.Bxe4 Qxd5 32.Qxe8+  1-0

[Event "Moscow"]
[Site "Moscow"]
[Date "1982.??.??"]
[Round "?"]
[White "Westerinen, Heikki MJ"]
[Black "Tal, Mihail"]
[Result "0-1"]
[WhiteElo "2440"]
[BlackElo "2605"]

1.e4 c5 2.Nf3 d6 3.d4 cxd4 4.Nxd4 Nf6 5.Nc3 a6 6.Be3 Qc7 7.Be2 e6 8.O-O b5
9.f3 Bb7 10.Qd2 Nbd7 11.a4 b4 12.Na2 d5 13.Nxb4 dxe4 14.f4 Bc5 15.c4 Rd8
16.Nbc2 e5 17.fxe5 Nxe5 18.Qc3 Nfg4 19.Bxg4 Nxg4 20.Bf4 Qd7 21.Rad1 O-O 22.b4 Bxd4+
23.Qxd4 Qe7 24.Bd6 Qe6 25.c5 e3 26.Rf4 Nf2 27.Rf1 Qg6 28.R4xf2 exf2+ 29.Qxf2 Rfe8
30.Nd4 Re4 31.Nf3 Bd5 32.Qd2 Bc6 33.Qc3 Re2 34.Bg3 Rd3 35.Qc4 Rdd2 36.Qxa6 Rxg2+
37.Kh1 Rxh2+  0-1

[Event "Moscow-ch"]
[Site "Moscow"]
[Date "1982.??.??"]
[Round "17"]
[White "Smagin, Sergey"]
[Black "Rashkovsky, Nukhim N"]
[Result "0-1"]
[WhiteElo "2270"]
[BlackElo "2515"]

1.e4 c5 2.Nf3 d6 3.d4 cxd4 4.Nxd4 Nf6 5.Nc3 a6 6.Be3 e5 7.Nb3 Be6 8.Qd2 Nbd7
9.f4 Qc7 10.O-O-O Be7 11.Be2 b5 12.Kb1 O-O 13.g4 b4 14.Nd5 Bxd5 15.exd5 Rfc8
16.Rc1 a5 17.g5 Ne4 18.Qd3 Nec5 19.Nxc5 Nxc5 20.Qf5 g6 21.Qg4 a4 22.c4 bxc3
23.Rxc3 exf4 24.Qxf4 Qb7 25.Rf1 Bxg5 26.Qxg5 Ne4 27.Rxc8+ Rxc8 28.Qg4 a3
29.b3 f5 30.Rxf5 Nc3+ 31.Ka1 Nxe2 32.Rf6 Qc7 33.Qc4 Qxc4 34.bxc4 Rxc4 35.Bh6 Rc8
36.Rxd6 Nd4 37.Kb1 Nf5 38.Ra6 Nxh6 39.Rxa3 Nf5 40.Ra7 Rd8  0-1

[Event "Moscow-ch"]
[Site "Moscow"]
[Date "1982.??.??"]
[Round "17"]
[White "Sokolov, Andrei"]
[Black "Kalinitschew, Sergey"]
[Result "1-0"]
[WhiteElo "2425"]
[BlackElo "2320"]

1.e4 c5 2.Nf3 d6 3.d4 cxd4 4.Nxd4 Nf6 5.Nc3 a6 6.Be3 e5 7.Nb3 Be6 8.Qd2 Nbd7
9.f3 b5 10.g4 h6 11.O-O-O b4 12.Nd5 Bxd5 13.exd5 Nb6 14.Na5 Nbxd5 15.Nc6 Qc7
16.Nxb4 Nxe3 17.Qxe3 Be7 18.h4 Qb7 19.Qb3 a5 20.Nc6 Qxb3 21.axb3 Kf8 22.Bb5 Ne8
23.c3 Nc7 24.Bc4 Ne6 25.Rd5 Nf4 26.Rb5 Bd8 27.Rd1 Bxh4 28.Rxd6 Ng6 29.Rd7 Ne7
30.Rxa5 Rc8 31.Nxe7 Bxe7 32.Rxe5 Re8 33.Kc2 g6 34.Rb7 f6 35.Re2 Rh7 36.Bb5 Rd8
37.Bd3 f5 38.gxf5 gxf5 39.Rg2 h5 40.Bc4 Rh8 41.Rb5 Rd6 42.Rxf5+ Bf6 43.Rg6 Ke7
44.Ra5  1-0